000 00630nam a2200229Ia 4500
003 OSt
005 20221005070302.0
006 a|||||r|||| 00| 0
007 ta
008 221004b |||||||| |||| 00| 0 kan d
024 _a58881
037 _cTextual
040 _aCRL
_cCRL
_bkan
041 _2kan
_akan
082 _aDelta7yM72, 33K7
100 _aBableshwar H M Au.
_9605550
245 0 _aSri Aravindara jeevana charitre
260 _aMysore
_bUsha sahitya male India
_c1967
650 _aMYSTICISM
942 _hDelta7yM72, 33K7
_cTEXL
_2cc
999 _c975983
_d975983